La renaixença al País Valenciáa (Record no. 138308)

MARC details
000 -LEADER
campo de control de longitud fija 00687nam a2200205 4500
001 - NÚMERO DE CONTROL
campo de control 138308
003 - IDENTIFICADOR DE NÚMERO DE CONTROL
campo de control ES-MaACL
005 - FECHA Y HORA DE LA ÚLTIMA TRANSACCIÓN
campo de control 20250925063044.0
007 - CAMPO FIJO DE DESCRIPCIÓN FÍSICA--INFORMACIÓN GENERAL
campo de control de longitud fija t|
008 - DATOS DE LONGITUD FIJA--INFORMACIÓN GENERAL
campo de control de longitud fija 070214s1968 sp r ||||1| val d
100 1# - ENTRADA PRINCIPAL--NOMBRE DE PERSONA
Nombre de persona Sanchis Guarner, Manuel,
Fechas asociadas al nombre 1911-1981
9 (RLIN) 103013
245 13 - MENCIÓN DEL TÍTULO
Título La renaixença al País Valenciáa
Resto del título : estudi per generacions /
Mención de responsabilidad, etc. M. Sanchís Guarner.
250 ## - MENCION DE EDICION
Mención de edición 1ª ed.
260 ## - PUBLICACIÓN, DISTRIBUCIÓN, ETC.
Lugar de publicación, distribución, etc. Barcelona :
Nombre del editor, distribuidor, etc. Ed. 62,
Fecha de publicación, distribución, etc. 1968 (
Lugar de fabricación/manufactura Valencia :
Fabricante Ortiza)
300 ## - DESCRIPCIÓN FÍSICA
Extensión 157 p. ;
Dimensiones 18 cm.
490 1# - MENCIÓN DE SERIE
Mención de serie Tres i quatre. Sèrie La unitat ;
Designación de volumen o secuencia 2
830 0# - PUNTO DE ACCESO ADICIONAL DE SERIE-TÍTULO UNIFORME
Título uniforme Tres i quatre. Sèrie La unitat ;
Designación de volumen o secuencia 2
9 (RLIN) 220149
852 ## - LOCALIZACIÓN
Ubicación ES-MaACL
Número de control de estantería C-53347
Sublocalización o colección R.68373
Holdings
Estatus retirado Estado de pérdida Estado de daño No para préstamo Biblioteca de origen Biblioteca actual Ubicación en estantería Fecha de adquisición Fuente de adquisición Total de préstamos Signatura topográfica completa Código de barras Visto por última vez Precio de reemplazo Tipo de ítem Koha
        Biblioteca del Ateneo de Madrid Biblioteca del Ateneo de Madrid Depósito 2 17/01/2008     C-53347 1143918 23/02/2023 23/02/2023 Libro impreso